00633nam a22002177a 45000010005000000030006000050050017000110080041000280200018000690400029000870500011001161000019001272450040001462600077001863000048002635050008003115210029003195210020003486500024003686500023003929458FISKH20260113111838.0260113b cb ||||| |||| 00| 0 eng d a9780022742485 aFISKHbengcFISKHdFISKH aLB1585 aAtwater , Mary aMolly's magnet / bBy Mary Atwater  aNew York : bMacmillan / McGraw-Hill School Publishing Company , c1993. a32 pages : bcolor illustrations;c25 cm .  aF 8 a300 bLexile estimate 8 aF bRaz-Plus  aFamilyvNon-fiction aGirlsvNon-fiction